| 000 | 00654nam a2200229Ia 4500 | ||
|---|---|---|---|
| 003 | OSt | ||
| 005 | 20220918202708.0 | ||
| 006 | a|||||r|||| 00| 0 | ||
| 007 | ta | ||
| 008 | 220917b |||||||| |||| 00| 0 eng d | ||
| 024 | _a103,183 | ||
| 037 | _cTextual | ||
| 040 |
_aARTS _cARTS _beng |
||
| 041 |
_2eng _aeng |
||
| 082 | _aV262:73.H, L2 | ||
| 100 |
_aBhattasali Nalini Kanta _925631 |
||
| 245 | 0 | _aCoins and chronology of teh early independent Sultans of Bengal | |
| 260 |
_aDelhi _bIndological Book Corp _c1976 |
||
| 650 | _aHISTORY | ||
| 942 |
_hV262:73.H, L2 _cTEXL _2CC |
||
| 999 |
_c226618 _d226618 |
||